Jugendstrafgefangene beim internationalen Jugendbegegnungszeltlager Dachau
| VerfasserInnen: | ; ; |
|---|---|
| Medienart: | Druck Aufsatz |
| Sprache: | Deutsch |
| Veröffentlicht: |
1995
|
| In: |
Zeitschrift für Strafvollzug und Straffälligenhilfe
Jahr: 1995, Band: 44, Heft: 4, Seiten: 220-222 |
| Bestand in Albert-Krebs Bibliothek: | Z.01 24.1975 - 55.2006 |
| Verfügbarkeit prüfen: | HBZ Gateway |
| Schlagwörter: |
MARC
| LEADER | 00000caa a22000002c 4500 | ||
|---|---|---|---|
| 001 | 1639428399 | ||
| 003 | DE-627 | ||
| 005 | 20221011151429.0 | ||
| 007 | tu | ||
| 008 | 160223s1995 xx ||||| 00| ||ger c | ||
| 035 | |a (DE-627)1639428399 | ||
| 035 | |a (DE-576)455862818 | ||
| 035 | |a (DE-599)BSZ455862818 | ||
| 040 | |a DE-627 |b ger |c DE-627 |e rakwb | ||
| 041 | |a ger | ||
| 084 | |a 2,1 |2 ssgn | ||
| 100 | 1 | |a Engelhardt-Blum, Kerstin |d 1971- |0 (DE-588)1145650015 |0 (DE-627)1006842810 |0 (DE-576)166631876 |4 aut | |
| 109 | |a Engelhardt-Blum, Kerstin 1971- |a Engelhardt, Kerstin 1971- |a Blum, Kerstin Engelhardt- 1971- | ||
| 245 | 1 | 0 | |a Jugendstrafgefangene beim internationalen Jugendbegegnungszeltlager Dachau |c Kerstin Engelhardt, Werner Nickolai, Ulrich Waschek |
| 264 | 1 | |c 1995 | |
| 336 | |a Text |b txt |2 rdacontent | ||
| 337 | |a ohne Hilfsmittel zu benutzen |b n |2 rdamedia | ||
| 338 | |a Band |b nc |2 rdacarrier | ||
| 650 | 4 | |a Strafgefangener |x Jugendlicher |x Rechtsextremismus |7 (dpeaa)DE-2619 | |
| 650 | 4 | |a Jugendstrafvollzug |7 (dpeaa)DE-2619 | |
| 650 | 4 | |a Strafgefangener |7 (dpeaa)DE-2619 | |
| 650 | 4 | |a Jugendlicher |7 (dpeaa)DE-2619 | |
| 650 | 4 | |a Rechtsextremismus |7 (dpeaa)DE-2619 | |
| 650 | 4 | |a Jugendbegegnungsstätte |7 (dpeaa)DE-2619 | |
| 650 | 4 | |a Konzentrationslager |7 (dpeaa)DE-2619 | |
| 650 | 4 | |a Vollzugslockerung |7 (dpeaa)DE-2619 | |
| 650 | 4 | |a Vollzugsgestaltung |7 (dpeaa)DE-2619 | |
| 650 | 4 | |a Gedenkstättenpädagogik |7 (dpeaa)DE-2619 | |
| 700 | 1 | |a Nickolai, Werner |d 1950- |0 (DE-588)123316839 |0 (DE-627)082480672 |0 (DE-576)162377363 |4 aut | |
| 700 | 1 | |a Waschek, Ulrich |4 aut | |
| 773 | 0 | 8 | |i In |t Zeitschrift für Strafvollzug und Straffälligenhilfe |d Wiesbaden : Ges. für Fortbildung der Strafvollzugsbediensteten, 1975 |g 44(1995), 4, Seite 220-222 |w (DE-627)130166723 |w (DE-600)519517-2 |w (DE-576)015709817 |x 0342-3514 |7 nnas |
| 773 | 1 | 8 | |g volume:44 |g year:1995 |g number:4 |g pages:220-222 |
| 935 | |a mkri | ||
| 951 | |a AR | ||
| AKB | |a 24.1975 - 55.2006 |b Z.01 | ||
| ELC | |b 1 | ||
| LOK | |0 000 xxxxxcx a22 zn 4500 | ||
| LOK | |0 001 3300018803 | ||
| LOK | |0 003 DE-627 | ||
| LOK | |0 004 1639428399 | ||
| LOK | |0 005 20250605093552 | ||
| LOK | |0 008 160208||||||||||||||||ger||||||| | ||
| LOK | |0 040 |a DE-21-110 |c DE-627 |d DE-21-110 | ||
| LOK | |0 689 |a s |a Erlebnispädagogik | ||
| LOK | |0 852 |a DE-21-110 | ||
| LOK | |0 852 1 |m p |9 00 | ||
| LOK | |0 935 |a k110 | ||
| LOK | |0 938 |k p | ||
| LOK | |0 939 |a 08-02-16 |b l01 | ||
| LOK | |0 000 xxxxxcx a22 zn 4500 | ||
| LOK | |0 001 419631032X | ||
| LOK | |0 003 DE-627 | ||
| LOK | |0 004 1639428399 | ||
| LOK | |0 005 20221011151429 | ||
| LOK | |0 008 221011||||||||||||||||ger||||||| | ||
| LOK | |0 035 |a (DE-2619)p03949 | ||
| LOK | |0 040 |a DE-2619 |c DE-627 |d DE-2619 | ||
| LOK | |0 092 |o n | ||
| LOK | |0 852 |a DE-2619 | ||
| LOK | |0 852 1 |m p |9 00 | ||
| LOK | |0 935 |a kreb | ||
| LOK | |0 938 |k p | ||
| LOK | |0 939 |a 11-10-22 |b l01 | ||
| ORI | |a SA-MARC-krimdoka001.raw | ||
